000 00308nam a2200121Ia 4500
003 GCL
008 140319s9999 xx 000 0 eng d
040 _aGCL /
_cGCL
082 0 4 _a032
_bC C
245 1 0 _aTHE CAMBRIDGE ENCYCLOPEDIA
260 _a[S.N] :
_bMacmillan Publishing Company ،
_c1991
300 _a1418 P
999 _c19807
_d19807